000 00306nam a2200133Ia 4500
008 191201s2004 xx 000 0 und d
100 _aGHOSE, Jayanti
245 4 _aThe UBS Career Guide
250 _aRev
260 _aN.Delhi
_bUBSPD,
_c2004
300 _a373
650 _aGeneral Books
942 _2ddc
_cBK
999 _c2141
_d2141